书目信息 |
| 题名: |
完美搭配的铺装庭院
|
|
| 作者: | 《庭院设计》编委会主编 | |
| 分册: | ||
| 出版信息: | 武汉 华中科技大学出版社 2014 |
|
| 页数: | 96页 | |
| 开本: | 26cm | |
| 丛书名: | 庭院设计 | |
| 单 册: | ||
| 中图分类: | TU986.5 | |
| 科图分类: | ||
| 主题词: | 庭院--路面铺装--图集 | |
| 电子资源: | ||
| ISBN: | 978-7-5680-0304-9 | |
| 000 | 00898nam0 2200277 450 | |
| 001 | 471 | |
| 001 | 01CN11266383@CSLN | |
| 005 | 20160906090651.37 | |
| 010 | @a978-7-5680-0304-9@dCNY38.00 | |
| 090 | @aTU986@btys | |
| 096 | @aTU986@btys | |
| 100 | @a20150331d2014 em y0chiy50 ea | |
| 101 | 0 | @achi |
| 102 | @aCN@b420000 | |
| 105 | @aa z 000yy | |
| 106 | @ar | |
| 200 | 1 | @a完美搭配的铺装庭院@9wan mei da pei de pu zhuang ting yuan@b专著@f《庭院设计》编委会主编 |
| 210 | @a武汉@c华中科技大学出版社@d2014 | |
| 215 | @a96页@d26cm | |
| 225 | 1 | @a庭院设计 |
| 330 | @a本书从庭院设计的要素“铺装”入手,精选了20多个优秀案例,这些案例反映了“铺装”这一景观元素在不同环境下的应用情况。 | |
| 606 | 0 | @a庭院@x路面铺装@j图集 |
| 690 | @aTU986.5@v5 | |
| 711 | @a@a庭院设计编委会@9ting yuan she ji bian wei hui@4主编 | |
| 801 | 0 | @aCN@b唐山师范学院图书馆@c20160722 |
| 905 | @aZUCC@dTU986.5@e772 | |
| 完美搭配的铺装庭院/《庭院设计》编委会主编.-武汉:华中科技大学出版社,2014 |
| 96页;26cm.-(庭院设计) |
| ISBN 978-7-5680-0304-9:CNY38.00 |
| 本书从庭院设计的要素“铺装”入手,精选了20多个优秀案例,这些案例反映了“铺装”这一景观元素在不同环境下的应用情况。 |
| ● |
| 相关链接 |
|
|
|
|
正题名:完美搭配的铺装庭院
索取号:TU986.5/772
 
预约/预借
| 序号 | 登录号 | 条形码 | 馆藏地/架位号 | 状态 | 备注 |
| 1 | 901976 | 209019765 | 第二样本阅览室/ [索取号:TU986.5/772] | 在馆 | |
| 2 | 901977 | 209019774 | 第三借阅区/ [索取号:TU986.5/772] | 在馆 | |
| 3 | 901978 | 209019783 | 第三借阅区/ [索取号:TU986.5/772] | 在馆 |